000 00209nam a2200097Ia 4500
008 240331s9999 xx 000 0 und d
082 _bCHO
100 _aChokkan,N
245 0 _aCharlie Chaplin kadhai
942 _cL
999 _c4693
_d4693